Bienvenue au Catalogue en Ligne des Bibliothèques de l'Universite du Burundi

Catastrophes socio-naturelles et résilience (Record no. 53976)

000 -GUIDE
Champ de contrôle de longueur fixe 01177nam a22002417a 4500
003 - IDENTITÉ DU NUMÉRO DE CONTRÔLE
Champ de contrôle BI-BuBU
008 - ÉLÉMENTS DE LONGUEUR FIXE - RENSEIGNEMENTS GÉNÉRAUX
Champ de contrôle de longueur fixe 260604b20264/6 bd ||||f |||| 000 0|fre d
037 ## - SOURCE D'ACQUISITION
Source d'acquisition et du numéro d'inventaire Don de l´auteur
039 ## - NIVEAU DE CONTRÔLE BIBLIOGRAPHIQUE ET HISTORIQUE D'ENCODAGE [OBSOLETE]
Date creation 20260604114340.0
Nom catalographe Jean Baptiste NDIKUMANA
040 ## - SOURCE DU CATALOGAGE
Organisme qui a effectué le catalogage original BI-BuBU
Code de la langue utilisée dans le catalogage fre
Organisme qui a effectué la transcription BI-BuBU
Organisme qui a effectué la modification BI-BuBU
080 ## - INDICE DE LA CLASSIFICATION DÉCIMALE UNIVERSELLE (CDU)
Indice de la Classification décimale universelle 551.579.4
100 1# - VEDETTE PRINCIPALE - NOM DE PERSONNE
Code de relation aut.
Nom de personne Ngendakumana, Christ Marie Fortuné
245 10 - MENTION DU TITRE
Titre Catastrophes socio-naturelles et résilience
Reste du titre représentation et pratiques des habitants du bassin versant de la rivière gasenyi face au risque d´inondation
Mention de responsabilité, etc. Christ Marie Fortuné Ngendakumana;Jean Marie Nduwayo ,directeur
260 ## - PUBLICATION, DIFFUSION, ETC. (ADRESSE BIBLIOGRAPHIQUE)
Lieu de publication, diffusion, etc. Bujumbura
Nom de l'éditeur, diffuseur, etc. Université du burundi, Faculté des lettres et sciences humaines
Date of publication, distribution, etc 2025
300 ## - DESCRIPTION MATÉRIELLE
Collation XII-70f
Dimensions 30cm
502 ## - NOTE DE THÈSE OU MÉMOIRE
Note de thèse Mémoire présenté et soutenu publiquement en vue de l´obtention du diplome de Master en socio-anthropologie
650 #7 - VEDETTE-MATIÈRE - NOM COMMUN
Source du terme BI-BuBU
Vedette de sujet ou vedette comportant un nom géographique Risque d´inondation
Subdivision générale Catastrophes socio-naturelle
Subdivision géographique Rivière gasenyi
650 #7 - VEDETTE-MATIÈRE - NOM COMMUN
Vedette de sujet ou vedette comportant un nom géographique risque d´inondation
Subdivision de forme résilience
Subdivision géographique rivière gasenyi
Source du terme BI-BuBU
655 #7 - TERME D'INDEXATION - GENRE OU FORME
Source du terme BI-BuBU
700 1# - VEDETTE SECONDAIRE - NOM DE PERSONNE
Code de relation dir.
Nom d'auteur Nduwayo ,Jean Marie
710 ## - VEDETTE SECONDAIRE - NOM DE COLLECTIVITÉ
Nom de la collectivité ou nom de lieu comme élément de classement Faculté des lettres et sciences humaines
Code de relation aut.
942 ## - ÉLÉMENTS D'ENTRÉE ADDITIONNELLE (KOHA)
Source de la classification ou du système de rangement
Type d item koha Memoire
Holdings
Statut de retrait Statut de perte Source de la classification ou du système de rangement Statut de déterioration Exclu du prêt Numéro d item Koha Localisation permanente Localisation actuelle Date d'acquisition Source d'acquisition Nombre de prêts Cote Code-barres Date last seen Prix en vigueur à partir du Type d item koha
          85829 Bibliothèque Centrale Bibliothèque Centrale 04/06/2026 don de l'auteur   551.579.4 NGE. 5010000672836 04/06/2026 04/06/2026 Memoire
© 2019-2026 - Bibliothèques de l'Université du Burundi |Tous droits réservés
home | Pour toute information urgente Contactez nous | tel whatsupp: +25779204313